| 000 | 01348nam a2200241Ii 4500 | ||
|---|---|---|---|
| 003 | JO-AjNU | ||
| 005 | 20240626103322.0 | ||
| 008 | 230605s9999||||xx |||||||||||||| ||und|| | ||
| 040 |
_aJO-AjNU _bara _erda _cJO-AjNU |
||
| 041 | _aara | ||
| 050 | 1 | 4 | _aHD59.6 2022 |
| 100 | 1 |
_aالعزام، مؤمن هاشم احمد _eمعد _965681 |
|
| 245 | 0 | 0 |
_aأثر أساليب الإفصاح واختلافها على القرارات الإستثمارية في الشركات الصناعية الاردنية المدرجة في بورصة عمان-نوع المستثمر كمتغير معدل=The Impact of Disclosure Methods and its Difference on Investment Decisions at Industrial Companies Listed ASE-Investor TYPE as a Moderating Variable / _cاعداد مؤمن هاشم احمد العزام؛ اشراف علي عبدالله الزعبي |
| 264 | 3 | 1 | _a2022 |
| 300 | _a116 ورقة | ||
| 336 |
_atext _btxt _2rdacontent |
||
| 337 |
_aunmediated _bn _2rdamedia |
||
| 338 |
_avolume _bnc _2rdacarrier |
||
| 500 | _aرسالة جامعية(اطروحة ماجستير) جامعة عجلون الوطنية، كلية ادارة الاعمال، تخصص ادارة الاعمال، 2022 | ||
| 650 | 4 |
_aالشركات الصناعيه-الأردن _962418 |
|
| 700 | 1 |
_aالزعبي، علي عبدالله _965219 _eمشرف |
|
| 942 |
_2lcc _cTHS |
||
| 999 |
_c31831 _d31831 |
||